| 000 | 00894nam a22002537a 4500 | ||
|---|---|---|---|
| 001 | 7333 | ||
| 003 | FISKH | ||
| 005 | 20250709151431.0 | ||
| 008 | 250709b cb ||||| |||| 00| 0 eng d | ||
| 020 | _a9780439597524 | ||
| 040 |
_aFISKH _beng _cFISKH _dFISKH |
||
| 050 | _aPZ7.N24 S | ||
| 082 | _a813 | ||
| 100 |
_aNaylor, Reynolds Phyllis _d(1933-) |
||
| 245 |
_aShiloh / _cBy Phyllis Reynolds Naylor |
||
| 250 | _aThis edition first published in 2003 | ||
| 260 |
_aNew York : _bScholastic, _c2000 |
||
| 300 |
_a137 pages : _c20 cm |
||
| 520 | _aWhen he finds a lost beagle in the hills behind his West Virginia home, Marty tries to hide it from his family and the dog's real owner, a mean-spirited man known to shoot deer out of season and to mistreat his dogs. | ||
| 650 |
_2Friendship _aFiction |
||
| 650 |
_2 Realistic fiction _aWest Virginia |
||
| 942 |
_2ddc _cBK _n0 |
||
| 999 |
_c7333 _d7333 |
||